000 00335nam a2200145 i 4500
001 bg
100 1 _aPAŁASZ, J.
245 0 _aPoradnik spawania gazowego /
_cJ. Pałasz.
250 _aWyd.2 całk. przer.
260 _aWarszawa,
_c1977.
040 _cBPK
041 _apol
942 _cKS
008 s pl f |000 0 pol
999 _c1044
_d1044
856 _uhttp://koha.tu.koszalin.pl/cgi-bin/koha/opac-detail.pl?biblionumber=1044
_yKatalog online BPK